| 000 | 00536nam a2200181 a 4500 | ||
|---|---|---|---|
| 001 | 000029332 | ||
| 005 | 20200930055501.0 | ||
| 008 | 110414s2006 dr 000 0 spa d | ||
| 020 | _a9993432059 | ||
| 040 |
_aDO-SdBNP _bspa _cBNPHU |
||
| 082 |
_axxxx _bA473 |
||
| 100 | 1 |
_aÁlvarez Silva, Sergio _956207 |
|
| 245 | 1 | 4 |
_aLas semillas del espiritu / _cSergio Álvarez Silva. |
| 260 |
_aSanto Domingo : _bArgos, _c2006. |
||
| 300 |
_a6 p. ; _c22 cm. |
||
| 500 | _aIncluye datos bigráficos del autor en la contracubierta | ||
| 049 | _aBNPD | ||
| 999 |
_c28824 _d28824 |
||